[Event "London Classic Open 2017"]
[Site "London ENG"]
[Date "2017.12.03"]
[Round "3.46"]
[White "Barj, Julien"]
[Black "Maroroa, Sue"]
[Result "1-0"]
[BlackTitle "WIM"]
[WhiteElo "2226"]
[BlackElo "2111"]
[WhiteFideId "629200"]
[BlackFideId "4301498"]
[EventDate "2017.12.02"]

1. e4 e5 2. Nf3 Nc6 3. Bb5 a6 4. Ba4 Nf6 5. d3 d6 6. c3 g6 7. O-O Bg7 8. Re1 O-O
9. h3 Nd7 10. d4 Kh8 11. Be3 Nb6 12. Bxc6 bxc6 13. dxe5 dxe5 14. Nfd2 f5 15. Qe2
f4 16. Bc5 Rf7 17. Nf3 g5 18. Rd1 Rd7 19. Nbd2 Qf6 20. Bxb6 cxb6 21. Nc4 Rxd1+
22. Rxd1 Be6 23. Nxb6 Ra7 24. Qd2 h6 25. Qd6 Kh7 26. b3 g4 27. hxg4 Bxg4 28.
Qxf6 Bxf6 29. Rd6 Bxf3 30. gxf3 Rg7+ 31. Kf1 h5 32. Rxf6 h4 33. Rd6 1-0

[Event "London Classic Open 2017"]
[Site "London ENG"]
[Date "2017.12.03"]
[Round "3.47"]
[White "Vishnu Prasanna, V"]
[Black "Kwon, Sehyun"]
[Result "0-1"]
[WhiteTitle "GM"]
[BlackTitle "CM"]
[WhiteElo "2536"]
[BlackElo "2117"]
[WhiteFideId "5030692"]
[BlackFideId "13203088"]
[EventDate "2017.12.02"]

1. c4 c5 2. Nf3 Nf6 3. Nc3 d5 4. cxd5 Nxd5 5. e3 Nxc3 6. bxc3 g6 7. h4 Bg7 8. h5
Qc7 9. Rb1 b6 10. Bb5+ Bd7 11. a4 Bxb5 12. axb5 Bf6 13. Qa4 Qb7 14. Bb2 Nd7 15.
Ke2 Ne5 16. c4 Nxf3 17. gxf3 Qd7 18. Bc1 a5 19. Qc2 Qe6 20. Qe4 Qxe4 21. fxe4 g5
22. h6 O-O-O 23. Rh5 Rhg8 24. Ba3 Rg6 25. Rg1 Rdg8 26. Rg4 e6 27. f3 Rd8 28. Rh1
Rdg8 29. Kd1 Kc7 30. Kc2 Rd8 31. f4 gxf4 32. Rxf4 e5 33. Rf5 Kd7 34. Bb2 Ke6 35.
Bc3 Rg5 36. Rhf1 Rg6 37. Rh5 Rg5 38. Rh2 Rdg8 39. Rhf2 R8g6 40. Bxa5 bxa5 41. b6
Rxh6 42. Ra1 Rg8 43. Rxa5 Rb8 44. Rxc5 Rxb6 45. Ra5 Rh1 46. Rg2 h5 47. Rg8 Rc6
48. c5 Rc7 49. Rb8 h4 0-1

[Event "London Classic Open 2017"]
[Site "London ENG"]
[Date "2017.12.03"]
[Round "3.48"]
[White "Stany, G.A."]
[Black "De Abreu, Roberto N"]
[Result "1/2-1/2"]
[WhiteTitle "IM"]
[BlackTitle "FM"]
[WhiteElo "2502"]
[BlackElo "2110"]
[WhiteFideId "5029104"]
[BlackFideId "14307472"]
[EventDate "2017.12.02"]

1. e4 e6 2. d4 d5 3. e5 c5 4. c3 Qb6 5. Nf3 Nc6 6. a3 c4 7. Nbd2 f6 8. b4 fxe5
9. Nxe5 Nxe5 10. dxe5 a5 11. Rb1 axb4 12. axb4 Ne7 13. Be2 Nc6 14. Nf3 Be7 15.
Bf4 O-O 16. Bg3 Bd7 17. Bxc4 Be8 18. Bd3 Bh5 19. O-O Bxf3 20. gxf3 Bg5 21. c4
Bf4 22. c5 1/2-1/2

[Event "London Classic Open 2017"]
[Site "London ENG"]
[Date "2017.12.03"]
[Round "3.49"]
[White "Arkell, Keith C"]
[Black "Russell, Christopher"]
[Result "1/2-1/2"]
[WhiteTitle "GM"]
[WhiteElo "2416"]
[BlackElo "2103"]
[WhiteFideId "400270"]
[BlackFideId "413569"]
[EventDate "2017.12.02"]

1. d4 e6 2. c4 f5 3. Nf3 Nf6 4. Bg5 b6 5. Nbd2 Bb7 6. e3 Be7 7. Bd3 Ne4 8. Bxe7
Qxe7 9. O-O O-O 10. Qc2 Nxd2 11. Nxd2 Nc6 12. a3 a5 13. Nf3 Qf6 14. Rad1 d6 15.
e4 Nxd4 16. Nxd4 Qxd4 17. exf5 Bxg2 1/2-1/2

[Event "London Classic Open 2017"]
[Site "London ENG"]
[Date "2017.12.03"]
[Round "3.50"]
[White "Coote, Trevor D"]
[Black "Van Delft, Merijn"]
[Result "0-1"]
[BlackTitle "IM"]
[WhiteElo "2104"]
[BlackElo "2393"]
[WhiteFideId "410039"]
[BlackFideId "1004670"]
[EventDate "2017.12.02"]

1. d4 d5 2. Nf3 Nf6 3. g3 c6 4. Bg2 Bf5 5. O-O e6 6. c4 h6 7. Nc3 Be7 8. cxd5
exd5 9. Qb3 Qb6 10. Qxb6 axb6 11. Bf4 O-O 12. Nd2 g5 13. Bxb8 Rfxb8 14. h3 b5
15. a3 Ra7 16. g4 Be6 17. Rac1 h5 18. Nf3 hxg4 19. Nxg5 Bf5 20. f3 gxh3 21. Bxh3
Bg6 22. f4 Nh5 23. e3 Ng3 24. Rf3 Nf5 25. Bxf5 Bxf5 26. Rg3 Kf8 27. Kf2 b4 28.
Rh1 bxc3 29. Rh8+ Kg7 30. Rxb8 cxb2 31. Nf3+ Bg6 32. Rxg6+ fxg6 33. Nd2 Bxa3 34.
Rd8 b5 0-1

[Event "London Classic Open 2017"]
[Site "London ENG"]
[Date "2017.12.03"]
[Round "3.51"]
[White "Mitra, Roman C"]
[Black "Krishna Teja, N"]
[Result "0-1"]
[BlackTitle "IM"]
[WhiteElo "2100"]
[BlackElo "2368"]
[WhiteFideId "419540"]
[BlackFideId "5001498"]
[EventDate "2017.12.02"]

1. e4 c5 2. Ne2 e6 3. Nbc3 a6 4. a4 b6 5. g3 Bb7 6. Bg2 Qc7 7. O-O h5 8. h3 Be7
9. d3 Nc6 10. Be3 d6 11. f4 Bf6 12. f5 Nd4 13. Nf4 h4 14. g4 Ne7 15. Nh5 Rxh5
16. gxh5 exf5 17. Nd5 Nxd5 18. exd5 c4 19. c3 Nb3 20. Ra3 Bc8 21. Re1 Kf8 22.
Bf4 Bd7 23. d4 Re8 24. Rxe8+ Bxe8 25. Qe2 Be7 26. Bf1 b5 27. axb5 Bxb5 28. Qf3
g5 29. hxg6 fxg6 30. Be2 Kg7 31. Qe3 Qd8 32. Bd1 g5 33. Bh2 Bf6 34. Bxb3 cxb3
35. Rxb3 f4 36. Qe6 Qc7 37. Rb4 Bd7 38. Qe2 a5 39. Rb3 a4 40. Rb4 a3 41. bxa3
Qxc3 42. Rb7 Qxh3 43. Qg2 Bxd4+ 44. Kh1 Kh6 45. Qxh3 Bxh3 46. Bg1 Be5 47. a4 f3 0-1

[Event "London Classic Open 2017"]
[Site "London ENG"]
[Date "2017.12.03"]
[Round "3.52"]
[White "Guo, Emma"]
[Black "Fenil, Shah"]
[Result "0-1"]
[WhiteTitle "WIM"]
[BlackTitle "FM"]
[WhiteElo "2081"]
[BlackElo "2324"]
[WhiteFideId "3200795"]
[BlackFideId "5019850"]
[EventDate "2017.12.02"]

1. d4 d5 2. c4 e6 3. Nf3 c6 4. e3 Bd6 5. Nc3 f5 6. b3 Nf6 7. Be2 Nbd7 8. Bb2 O-O
9. O-O Ne4 10. Nxe4 fxe4 11. Ne5 Qg5 12. Nxd7 Bxd7 13. Bc1 e5 14. cxd5 Bh3 15.
g3 Bxf1 16. Bxf1 Qf6 17. Qd2 exd4 18. exd4 cxd5 19. Bb2 Rac8 20. Bh3 Rc7 21. Rf1
b6 22. Qe2 a6 23. Bc1 b5 24. Be3 Qg6 25. Ra1 Bf4 26. Bxf4 Rxf4 27. Be6+ Qxe6 28.
gxf4 Rc3 29. Qh5 Qg6+ 30. Qxg6 hxg6 31. Kf1 Kf7 32. Ke2 Rc2+ 33. Ke3 b4 34. a3
Rc3+ 35. Kd2 a5 36. axb4 axb4 37. Ra5 Rd3+ 38. Kc2 Rxd4 39. Ra6 Rd3 40. Rd6 d4
41. Rd5 Rc3+ 42. Kd2 e3+ 43. fxe3 dxe3+ 44. Ke2 Rxb3 45. Rb5 Ke6 46. Rg5 Rc3 47.
Rxg6+ Kf5 48. Rxg7 Kxf4 49. Rb7 Rc2+ 50. Kf1 Rxh2 51. Rxb4+ Kf3 52. Kg1 Rg2+ 53.
Kh1 Rg5 54. Rb7 e2 0-1

[Event "London Classic Open 2017"]
[Site "London ENG"]
[Date "2017.12.03"]
[Round "3.53"]
[White "Radovanovic, Jovica"]
[Black "Hebbes, Tim"]
[Result "1-0"]
[WhiteTitle "FM"]
[WhiteElo "2320"]
[BlackElo "2097"]
[WhiteFideId "915912"]
[BlackFideId "406570"]
[EventDate "2017.12.02"]

1. d4 Nf6 2. Nf3 e6 3. c4 d5 4. g3 Bb4+ 5. Bd2 Be7 6. Bg2 O-O 7. O-O b6 8. Nc3
Bb7 9. cxd5 exd5 10. Bf4 Ne4 11. Rc1 c5 12. dxc5 Bxc5 13. Nxe4 dxe4 14. Ng5 Qe8
15. Qc2 Na6 16. Bxe4 Bxe4 17. Qxe4 Qxe4 18. Nxe4 Bd4 19. Rc4 Bxb2 20. Rb1 Ba3
21. Ra4 Nc5 22. Nf6+ gxf6 23. Rxa3 Kg7 24. Be3 Nd7 25. Rc1 Rfd8 26. Rc7 a6 27.
f4 b5 28. Kf2 a5 29. Rd3 Nf8 30. Rxd8 Rxd8 31. Ra7 a4 32. Kf3 Ne6 33. Rb7 Rd5
34. g4 f5 35. g5 Kg6 36. h4 Nd8 37. Rb6+ Ne6 38. Rb8 Nd8 39. Rb6+ Ne6 40. Rb8
Nd8 41. Bb6 Ne6 42. a3 Kg7 43. h5 h6 44. Be3 hxg5 45. fxg5 f4 46. Bxf4 Nxg5+ 47.
Kg4 Ne4 48. h6+ Kh7 49. Rf8 Nf6+ 50. Kf3 Kg6 51. Rc8 Nh5 52. Rc6+ Kh7 53. Bc1 f6
54. e4 Rd3+ 55. Kg4 Ng3 56. Rc7+ Kh8 57. e5 1-0

[Event "London Classic Open 2017"]
[Site "London ENG"]
[Date "2017.12.03"]
[Round "3.54"]
[White "Murphy, Conor E"]
[Black "Manole, Stefan"]
[Result "1-0"]
[WhiteTitle "FM"]
[WhiteElo "2313"]
[BlackElo "2081"]
[WhiteFideId "421669"]
[BlackFideId "1203274"]
[EventDate "2017.12.02"]

1. Nf3 d5 2. g3 Nf6 3. Bg2 c6 4. c4 e6 5. O-O Nbd7 6. d4 Bd6 7. Qc2 O-O 8. Rd1
Qe7 9. Nc3 Re8 10. b3 dxc4 11. bxc4 e5 12. d5 cxd5 13. cxd5 Nb6 14. e4 Bd7 15.
Qb3 Rac8 16. a3 Rc7 17. Bg5 Rec8 18. Nb5 Bxb5 19. Qxb5 Qd7 20. Qe2 Na4 21. Bxf6
gxf6 22. Qe3 Qg4 23. h3 Qg7 24. Nh4 Rc3 25. Rd3 Qg5 26. Rxc3 Nxc3 27. Qf3 Nb5
28. Nf5 Nd4 29. Nxd4 exd4 30. h4 Qg6 31. Rd1 Rc3 32. Rd3 Rc1+ 33. Kh2 Qh6 34.
Qg4+ Qg6 35. Qd7 Be5 36. f4 Rc2 37. fxe5 1-0

[Event "London Classic Open 2017"]
[Site "London ENG"]
[Date "2017.12.03"]
[Round "3.55"]
[White "Vignesh, B"]
[Black "Seymour, Timothy P"]
[Result "1-0"]
[WhiteElo "2287"]
[BlackElo "2072"]
[WhiteFideId "5073600"]
[BlackFideId "412112"]
[EventDate "2017.12.02"]

1. e4 e5 2. Nf3 Nc6 3. Bc4 Bc5 4. c3 Nf6 5. d3 a6 6. Bb3 d6 7. Nbd2 Ba7 8. Nf1
h6 9. Ng3 O-O 10. O-O Re8 11. h3 Be6 12. Bc2 Ne7 13. Nh4 Kh7 14. d4 c6 15. Kh1
Ng6 16. Nhf5 Qc7 17. f4 Nxf4 18. Bxf4 exf4 19. Rxf4 Ng8 20. Nxd6 Red8 21. e5+ g6
22. Qf3 Kg7 23. Rf1 Rxd6 24. exd6 Qxd6 25. Bb3 f5 26. Bxe6 Qxe6 27. Nxf5+ gxf5
28. Rxf5 Kh8 29. Rf7 Re8 30. Qg3 1-0

[Event "London Classic Open 2017"]
[Site "London ENG"]
[Date "2017.12.03"]
[Round "3.56"]
[White "Coleman, David J"]
[Black "Risting, Eivind Olav"]
[Result "0-1"]
[WhiteTitle "CM"]
[BlackTitle "FM"]
[WhiteElo "2076"]
[BlackElo "2279"]
[WhiteFideId "402087"]
[BlackFideId "1517333"]
[EventDate "2017.12.02"]

1. e4 e6 2. d4 d5 3. Nc3 Nf6 4. Bg5 dxe4 5. Nxe4 Be7 6. Bxf6 gxf6 7. Qd3 Nc6 8.
Nf3 e5 9. d5 Nb4 10. Qb3 Bf5 11. Bd3 Nxd3+ 12. cxd3 O-O 13. O-O-O a5 14. Nc3 a4
15. Nxa4 b5 16. Nc3 b4 17. Ne2 c6 18. Ng3 Bg6 19. Nh4 cxd5 20. Kb1 Qd7 21. Nxg6
hxg6 22. Ne2 Ra5 23. Nc1 Rfa8 24. Rhe1 Bf8 25. Re2 Qb7 26. f3 Bh6 27. Rc2 Kg7
28. Re2 Qb5 29. g3 Bxc1 30. Kxc1 Rxa2 31. Rc2 Qb6 32. Qxd5 Ra1+ 33. Kd2 Qf2# 0-1

[Event "London Classic Open 2017"]
[Site "London ENG"]
[Date "2017.12.03"]
[Round "3.57"]
[White "Ojas, Kulkarni"]
[Black "Jyothilal, N."]
[Result "1-0"]
[WhiteElo "2278"]
[BlackElo "2063"]
[WhiteFideId "25040073"]
[BlackFideId "5002605"]
[EventDate "2017.12.02"]

1. c4 Nf6 2. g3 e6 3. Nf3 d5 4. Bg2 c5 5. O-O Be7 6. cxd5 exd5 7. d4 O-O 8. Nc3
Nc6 9. dxc5 Bxc5 10. Na4 Be7 11. Be3 Bg4 12. Nd4 Qd7 13. Nxc6 bxc6 14. Rc1 Bh3
15. Qc2 Bxg2 16. Kxg2 Rac8 17. Rfd1 Rfe8 18. Bc5 Bd6 19. e3 Bb8 20. Bd4 Ne4 21.
Nc5 Nxc5 22. Bxc5 Re6 23. Qf5 Qe8 24. Bd4 Be5 25. Rc2 Bxd4 26. Rxd4 Rf6 27. Qd3
h5 28. h4 Re6 29. Qa3 Re4 30. Rdd2 Qd7 31. Qc5 Ree8 32. Rd4 g6 33. Ra4 Rc7 34.
Rc3 Rb8 35. b4 Rbb7 36. Ra5 Qg4 37. a3 Qe4+ 38. Kh2 Qf5 39. Rc2 g5 40. hxg5 f6
41. Qc4 fxg5 42. e4 Qe6 43. exd5 cxd5 44. Qe2 Qf5 45. Rd2 h4 46. Qe8+ Kg7 47.
Raxd5 hxg3+ 48. fxg3 Qh7+ 49. Kg2 Re7 50. Rxg5+ Kf6 51. Rg6+ Ke5 52. Qc6 1-0

[Event "London Classic Open 2017"]
[Site "London ENG"]
[Date "2017.12.03"]
[Round "3.58"]
[White "Peters, Stephen G"]
[Black "Perez, Flavio"]
[Result "0-1"]
[BlackTitle "FM"]
[WhiteElo "2050"]
[BlackElo "2276"]
[WhiteFideId "406040"]
[BlackFideId "623911"]
[EventDate "2017.12.02"]

1. d4 g6 2. c4 Bg7 3. Nc3 d6 4. e4 Nd7 5. Nf3 e5 6. Be2 Ngf6 7. O-O O-O 8. Re1
c6 9. Bf1 Qc7 10. d5 a5 11. b3 cxd5 12. Nb5 Qb8 13. cxd5 Nc5 14. Nd2 Bd7 15. f3
Nh5 16. a4 f5 17. Nc4 Bxb5 18. axb5 b6 19. Bd2 Qc7 20. Qc2 fxe4 21. fxe4 Nf6 22.
b4 axb4 23. Rxa8 Rxa8 24. Bxb4 Bh6 25. Bd2 Bxd2 26. Nxd2 Rf8 27. Be2 Rc8 28. Bf3
h5 29. g3 Qd8 30. Nc4 Nb7 31. Qe2 Qc7 32. Ne3 Qc5 33. Kg2 Na5 34. g4 hxg4 35.
Bxg4 Rf8 36. Be6+ Kg7 37. Rf1 Qd4 38. Bf5 Nxe4 39. Nc2 Qd2 40. Bg4 Rxf1 41. Kxf1
Qf4+ 42. Kg1 Nc3 0-1

[Event "London Classic Open 2017"]
[Site "London ENG"]
[Date "2017.12.03"]
[Round "3.59"]
[White "Lyell, Mark"]
[Black "Hagesather, Arne"]
[Result "1-0"]
[WhiteTitle "FM"]
[WhiteElo "2264"]
[BlackElo "2046"]
[WhiteFideId "402354"]
[BlackFideId "1502476"]
[EventDate "2017.12.02"]

1. e4 c6 2. Nf3 d5 3. Nc3 dxe4 4. Nxe4 Nd7 5. Bc4 Ndf6 6. Neg5 e6 7. Ne5 Nh6 8.
d4 Bd6 9. O-O O-O 10. Qe2 Nf5 11. c3 Qc7 12. Re1 h6 13. Ngxf7 Rxf7 14. Nxf7 Qxf7
15. Bxe6 Bxe6 16. Qxe6 Qxe6 17. Rxe6 Kf7 18. Re2 g5 19. Bd2 Rg8 20. Rd1 h5 21.
Be1 g4 22. g3 Ng7 23. Bd2 Ne6 24. Rde1 Ng5 25. Bxg5 Rxg5 26. Re6 Rd5 27. Kg2 Nh7
28. Re8 Bf8 29. R1e5 Rxe5 30. Rxe5 Nf6 31. f3 Bd6 32. Re2 c5 33. dxc5 Bxc5 34.
h3 gxf3+ 35. Kxf3 a5 36. g4 hxg4+ 37. hxg4 b6 38. Kf4 Bd6+ 39. Kf5 Ne8 1-0

[Event "London Classic Open 2017"]
[Site "London ENG"]
[Date "2017.12.03"]
[Round "3.60"]
[White "Millward, Kevin P"]
[Black "Merriman, John"]
[Result "0-1"]
[WhiteElo "2035"]
[BlackElo "2263"]
[WhiteFideId "404721"]
[BlackFideId "402362"]
[EventDate "2017.12.02"]

1. d4 Nf6 2. Bf4 e6 3. e3 c5 4. c3 Nc6 5. Nf3 Nh5 6. Bg5 Qb6 7. Na3 d5 8. Nd2
Nf6 9. Qb3 Qd8 10. dxc5 Bxc5 11. Nb5 O-O 12. Be2 h6 13. Bh4 a6 14. Nd4 Ne5 15.
O-O Ng6 16. Bg3 Re8 17. Qc2 e5 18. N4b3 Ba7 19. c4 Be6 20. Rac1 Rc8 21. Qb1 h5
22. h3 Qd7 23. cxd5 Bxd5 24. Rxc8 Qxc8 25. Rc1 Qe6 26. Bc4 Bxc4 27. Rxc4 b5 28.
Rc1 Nd7 29. Ne4 f5 30. Nec5 Nxc5 31. Nxc5 Bxc5 32. Rxc5 f4 33. Bh2 Qd6 34. Qc2
Rd8 35. Rc8 Rxc8 36. Qxc8+ Kh7 37. Qc2 Kh6 38. Kf1 Qd5 39. exf4 exf4 40. b3 f3
41. gxf3 Qxf3 42. Qc1+ Kh7 43. Qe3 Qd1+ 44. Qe1 Qd3+ 45. Qe2 Qxh3+ 46. Kg1 Qf5
47. Bc7 Nh4 48. Bg3 Nf3+ 49. Kg2 h4 50. Bh2 Qg4+ 51. Bg3 hxg3 52. Qxf3 Qxf3+ 53.
Kxf3 gxf2 54. Kxf2 Kg6 55. Ke3 Kf5 56. Kd4 g5 57. Kc5 g4 58. Kb6 g3 59. Kxa6 b4
60. Kb5 g2 61. Kxb4 g1=Q 0-1

[Event "London Classic Open 2017"]
[Site "London ENG"]
[Date "2017.12.03"]
[Round "3.61"]
[White "Soham, Das"]
[Black "Yoon, Jacob D"]
[Result "1-0"]
[WhiteElo "2263"]
[BlackElo "2045"]
[WhiteFideId "35026763"]
[BlackFideId "446076"]
[EventDate "2017.12.02"]

1. e4 c5 2. Nf3 e6 3. d4 cxd4 4. Nxd4 a6 5. Bd3 Nc6 6. Nxc6 dxc6 7. O-O e5 8.
Nd2 Qc7 9. a4 Be6 10. Nc4 Nf6 11. Qe2 a5 12. Kh1 Bc5 13. f4 Bxc4 14. Bxc4 O-O-O
15. f5 Rd4 16. Bd3 Nd7 17. c3 Rd6 18. Rb1 Nb6 19. b4 axb4 20. cxb4 Bd4 21. Qc2
Kd8 22. Ba3 Ke7 23. b5 c5 24. a5 Nd7 25. b6 Qc8 26. Rfd1 Nf6 27. Be2 Qc6 28.
Rxd4 cxd4 29. Qxc6 bxc6 30. b7 Nxe4 31. Bf3 c5 32. Bxe4 d3 33. Bxc5 d2 34. Rd1
Kd7 35. Bxd6 Kxd6 36. Rxd2+ Kc7 37. a6 Kb6 38. a7 Kxa7 39. Ra2+ Kb6 40. Ra8 Rc8
41. Rxc8 g6 42. b8=R+ Ka7 43. Rb7+ Ka6 44. Rc4 gxf5 45. Bc6 e4 46. Ra4# 1-0

[Event "London Classic Open 2017"]
[Site "London ENG"]
[Date "2017.12.03"]
[Round "3.62"]
[White "Ronka, Erik"]
[Black "Prior, Stephen C V"]
[Result "1-0"]
[WhiteElo "2260"]
[BlackElo "2037"]
[WhiteFideId "505080"]
[BlackFideId "423378"]
[EventDate "2017.12.02"]

1. d4 Nf6 2. c4 e6 3. Nc3 Bb4 4. a3 Bxc3+ 5. bxc3 b6 6. f3 Ba6 7. e4 d6 8. Bd3
h6 9. Nh3 O-O 10. Qe2 Nbd7 11. Nf2 Re8 12. g4 c5 13. e5 dxe5 14. dxe5 Nh7 15. h4
Bb7 16. g5 h5 17. Rg1 g6 18. Bf4 Qc7 19. Be4 Red8 20. Bxb7 Qxb7 21. Ne4 Ndf8 22.
Kf2 Rd7 23. a4 Rb8 24. a5 Qc6 25. Rgb1 Rdd8 26. axb6 Rxb6 27. Rd1 Rxd1 28. Qxd1
Rb2+ 29. Kg3 Qb6 30. Be3 Qc7 31. Qd6 Qb6 32. Bxc5 Qb3 33. Rxa7 Qxc4 34. Qe7 Nxg5
35. Qxf8+ 1-0

[Event "London Classic Open 2017"]
[Site "London ENG"]
[Date "2017.12.03"]
[Round "3.63"]
[White "Lercel, Michal"]
[Black "Miller, Dominic"]
[Result "1-0"]
[WhiteElo "2244"]
[BlackElo "2018"]
[WhiteFideId "1114700"]
[BlackFideId "438065"]
[EventDate "2017.12.02"]

1. Nf3 Nf6 2. c4 g6 3. b4 Bg7 4. Bb2 O-O 5. g3 c6 6. Bg2 d5 7. cxd5 cxd5 8. O-O
Nbd7 9. d3 Re8 10. Na3 Nb6 11. Qb3 Bd7 12. Bd4 Ba4 13. Qb2 Nh5 14. Rac1 f6 15.
Nd2 e5 16. Bxb6 axb6 17. Nab1 e4 18. dxe4 dxe4 19. a3 f5 20. Qa2+ Kh8 21. Nc3
Bd7 22. Rfd1 Be6 23. Nc4 Qg5 24. h4 Qh6 25. Nb5 e3 26. Qb3 exf2+ 27. Kxf2 f4 28.
e3 Bxc4 29. Qxc4 fxg3+ 30. Kg1 Qxe3+ 31. Kh1 Nf4 32. Nd6 Rf8 33. Nf7+ Rxf7 34.
Qxf7 Nxg2 35. Rc7 Rg8 36. Re7 Qh6 37. Kxg2 Qxh4 38. Rh1 Qd4 39. Re8 Qd2+ 40. Kh3
Qh6+ 41. Kg4 1-0

[Event "London Classic Open 2017"]
[Site "London ENG"]
[Date "2017.12.03"]
[Round "3.64"]
[White "Busse, Tom Niklas"]
[Black "Richardson, John R"]
[Result "0-1"]
[BlackTitle "FM"]
[WhiteElo "1996"]
[BlackElo "2243"]
[WhiteFideId "12981605"]
[BlackFideId "401617"]
[EventDate "2017.12.02"]

1. c4 Nf6 2. g3 e6 3. Bg2 d5 4. Nf3 dxc4 5. Qa4+ Bd7 6. Qxc4 c5 7. O-O Bc6 8.
Nc3 Nbd7 9. d4 Rc8 10. Qd3 cxd4 11. Qxd4 Bc5 12. Qh4 O-O 13. e4 Be7 14. Qf4 Qa5
15. Nd4 Ne5 16. Bd2 Nd3 17. Qf3 Qa6 18. Nxc6 Rxc6 19. Rab1 Rd8 20. Qe2 Nb4 21.
Qxa6 Rxa6 22. Be3 Nxa2 23. Nxa2 Rxa2 24. Rfd1 Ng4 25. Rxd8+ Bxd8 26. Rd1 Bf6 27.
Bc5 Rxb2 28. h3 Rc2 29. Bxa7 Ne5 30. f4 Nc6 31. e5 Nxa7 32. exf6 gxf6 33. Bxb7
Nb5 34. Be4 Ra2 35. Rf1 Nd4 36. Rf2 Ra3 37. Kg2 Re3 38. Bc2 Ne2 39. g4 e5 40.
fxe5 fxe5 41. Bxh7+ Kxh7 42. Rxf7+ Kg6 43. Rf5 Nd4 44. Kf2 Re2+ 45. Kf1 Re4 46.
Rh5 Kf6 47. Kf2 Re2+ 48. Kg3 Re3+ 49. Kf2 Ra3 50. h4 e4 51. Rd5 e3+ 52. Kf1 e2+
53. Kf2 Rf3+ 0-1

[Event "London Classic Open 2017"]
[Site "London ENG"]
[Date "2017.12.03"]
[Round "3.65"]
[White "Yuan, Yuanling"]
[Black "Ditmas, Hugh"]
[Result "1-0"]
[WhiteTitle "WIM"]
[WhiteElo "2243"]
[BlackElo "2004"]
[WhiteFideId "8604541"]
[BlackFideId "1270666"]
[EventDate "2017.12.02"]

1. e4 c5 2. Nf3 Nc6 3. Bb5 e6 4. Bxc6 bxc6 5. b3 Ne7 6. Bb2 Ng6 7. O-O f6 8. e5
Be7 9. d3 O-O 10. Nbd2 Nxe5 11. Nxe5 fxe5 12. Bxe5 d6 13. Bb2 e5 14. Qe2 Bg5 15.
Ne4 Bf4 16. Bc1 Qe7 17. Be3 Be6 18. Rae1 Rf7 19. Qd2 Raf8 20. c3 Bc8 21. Qe2 g6
22. Kh1 Ba6 23. a3 Rf5 24. Ng3 Qh4 25. Bxf4 Rxf4 26. Qe3 Qe7 27. b4 cxb4 28.
axb4 Qf7 29. Ra1 Bc8 30. Rxa7 Qb3 31. Ne2 R4f7 32. Ra5 Bf5 33. Qd2 Kg7 34. h3 h6
35. Kg1 Rb8 36. f4 Qe6 37. fxe5 dxe5 38. Qe3 Re7 39. Ng3 Rb5 40. Ra8 Qd7 41.
Nxf5+ gxf5 42. Qg3+ Kf6 43. Rg8 e4 44. Rg6+ Kf7 45. Rg7+ 1-0

[Event "London Classic Open 2017"]
[Site "London ENG"]
[Date "2017.12.03"]
[Round "3.66"]
[White "Duncan, Chris R"]
[Black "Munshi, Aditya"]
[Result "1/2-1/2"]
[WhiteTitle "FM"]
[WhiteElo "2242"]
[BlackElo "2001"]
[WhiteFideId "403091"]
[BlackFideId "436720"]
[EventDate "2017.12.02"]

1. Nf3 Nf6 2. c4 c5 3. Nc3 b6 4. g3 Bb7 5. Bg2 e6 6. O-O Be7 7. Re1 d5 8. cxd5
Nxd5 9. d4 cxd4 10. Qxd4 Bf6 11. Qa4+ Bc6 12. Qb3 Nxc3 13. bxc3 O-O 14. Bf4 Qc8
15. Rac1 Qb7 16. e4 Na6 17. Bd6 Rfd8 18. Qa3 Rxd6 19. Qxd6 Rd8 20. Qa3 Nc5 21.
Nd4 Bxd4 22. cxd4 Rxd4 23. Red1 e5 24. Qc3 Qd7 25. Rxd4 exd4 26. Qd2 h6 27. Re1
d3 28. e5 Bxg2 29. Kxg2 Qd5+ 30. f3 Kh8 31. Re3 Qc4 32. Re1 Qc2 33. Rd1 Kh7 34.
Kf1 Qc4 35. Kf2 Qd5 36. Re1 Qd4+ 37. Kg2 Qc4 38. Kf2 Qd4+ 39. Kg2 Qc4 40. Rd1
Qd5 41. Re1 Qc4 42. h4 a5 43. Kf2 a4 44. Kg2 Qc2 45. Rd1 b5 46. Kf2 b4 47. Ke1 1/2-1/2

[Event "London Classic Open 2017"]
[Site "London ENG"]
[Date "2017.12.03"]
[Round "3.67"]
[White "Skutta, Bernd"]
[Black "Blasco Coll, Andreu"]
[Result "1/2-1/2"]
[WhiteElo "1988"]
[BlackElo "2236"]
[WhiteFideId "4666950"]
[BlackFideId "22272836"]
[EventDate "2017.12.02"]

1. d4 d5 2. Bf4 Nf6 3. e3 c5 4. Nd2 Nc6 5. c3 cxd4 6. exd4 Bf5 7. Ngf3 e6 8. Ne5
Nxe5 9. Bxe5 Nd7 10. Bg3 Be7 11. Be2 O-O 12. O-O a6 13. a4 Nb8 14. Nf3 Nc6 15.
Ne5 Bd6 16. Nxc6 bxc6 17. Bxd6 Qxd6 18. b4 a5 19. b5 cxb5 20. axb5 Rfc8 21. Qb3
Qb6 22. h3 Rc7 23. Rfc1 h6 24. Ra3 Bg6 25. Rca1 Be4 26. Qa2 Rca7 27. Rc1 Rc7 28.
Ra1 Rca7 29. Rc1 Rc7 1/2-1/2

[Event "London Classic Open 2017"]
[Site "London ENG"]
[Date "2017.12.03"]
[Round "3.68"]
[White "Bremner, Adam"]
[Black "Riedener, Toni"]
[Result "1-0"]
[WhiteTitle "CM"]
[WhiteElo "2231"]
[BlackElo "1989"]
[WhiteFideId "2400847"]
[BlackFideId "1302698"]
[EventDate "2017.12.02"]

1. d4 d5 2. c4 c6 3. Nf3 Nf6 4. e3 Bf5 5. Nc3 e6 6. Nh4 Bg6 7. Nxg6 hxg6 8. Bd2
Bd6 9. h3 Nbd7 10. b3 Qe7 11. Be2 O-O 12. c5 Bc7 13. f4 Nh5 14. h4 Ng3 15. Rh3
Nxe2 16. Qxe2 b6 17. cxb6 axb6 18. g4 f6 19. g5 e5 20. h5 Qe6 21. Qh2 fxg5 22.
hxg6 Qxg6 23. fxe5 g4 24. Rh8+ Kf7 25. e6+ Kxe6 26. Qxc7 Rf1+ 27. Ke2 Rf2+ 28.
Kxf2 Qf5+ 29. Qf4 Rxh8 30. Qxf5+ Kxf5 31. Kg2 1-0